000 00584nam a22002417a 4500
003 UA-OsUOA
001 32148
007 ta
008 20050124b un ||||| |||| 00| 0 ukr d
100 _aСтеклов В. Ю.
090 _a141.82
_bС79
942 _cBK
040 _aUA-OsUOA
_brus
_cUA-OsUOA
_dUA-OsUOA
245 _aВ. И. Ленин и электрификация
300 _a344 с.
_bІлюстрації
955 _a0
041 _arus
080 _a141.82
260 _aМосква
_bНаука
_c1970
044 _aRU
650 7 _2UDC
999 _c318586
_d318586